د ل کے سلگنے کا سبب (Record no. 87728)

MARC details
000 -LEADER
fixed length control field 01237nam a22002777a 4500
005 - DATE AND TIME OF LATEST TRANSACTION
control field 20170323124540.0
008 - FIXED-LENGTH DATA ELEMENTS--GENERAL INFORMATION
fixed length control field 140714b xxu||||| |||| 00| 0 Urdu d
010 ## - LCCN (DPL NO)
LC control number UR-8552 B-548254 B-665915
020 ## - INTERNATIONAL STANDARD BOOK NUMBER
Terms of availability 350.00
International Standard Book Number 9788180422935
035 ## - SYSTEM CONTROL NUMBER
System control number U-7107 B-548254 B-665915
037 ## - SOURCE OF ACQUISITION
Source of stock number/acquisition BPPD/Publishers/Venders
037 ## - SOURCE OF ACQUISITION
Source of stock number/acquisition DBAD/Pub.
037 ## - SOURCE OF ACQUISITION
Source of stock number/acquisition Star Pub.(Vend.)/Modern Pub.(Pub.)
040 ## - CATALOGING SOURCE
Original cataloging agency DPL
Language of cataloging Urdu
082 ## - DEWEY DECIMAL CLASSIFICATION NUMBER
Classification number ک
100 ## - MAIN ENTRY--PERSONAL NAME
Personal name قا ضی مشتا ق ا حمد
245 ## - TITLE STATEMENT
Title د ل کے سلگنے کا سبب
Statement of responsibility, etc قا ضی مشتا ق ا حمد
246 ## - VARYING FORM OF TITLE
Title proper/short title Dil ke Sulagne ka sabab
Remainder of title by Qazi Mushtaque Ahmed
260 ## - PUBLICATION, DISTRIBUTION, ETC. (IMPRINT)
Name of publisher, distributor, etc Modern Publishing House
-- Star Publications.( Vender)
Date of publication, distribution, etc 2014
260 ## - PUBLICATION, DISTRIBUTION, ETC. (IMPRINT)
Place of publication, distribution, etc 4/5Asaf Ali Road,New Delhi-110002
270 ## - ADDRESS
Address 9-گو لا ما ر کيٹ،د ر يا گنج
City نئ دھلی
Postal code 110002
Telephone number 01123278869
300 ## - PHYSICAL DESCRIPTION
Extent 304ص
Dimensions 22Cm(Pb)
942 ## - ADDED ENTRY ELEMENTS (KOHA)
Source of classification or shelving scheme Dewey Decimal Classification
Item type Urdu Bks
Call number suffix ق ا ض
Classification part ک
Holdings
Withdrawn status Lost status Source of classification or shelving scheme Damaged status Not for loan Collection code Home library Current library Date acquired Source of acquisition Cost, normal purchase price Total Checkouts Full call number Barcode Date last seen Copy number Cost, replacement price Koha item type
    Dewey Decimal Classification     Fiction Ashok Vihar Ashok Vihar 23/03/2017 BPPD/UR/2014-15/AV/16-17/657/SP/2267/27.2.17/8.3.17 350.00   ک ق ا ض B-665915 10/06/2023 1 350.00 Urdu Bks
    Dewey Decimal Classification     Fiction Central Library Central Library 16/12/2014 BPPD/UR/2014-15/127/1.8.14/SP/3597/6.8.14/2.9.14 350.00 5 ک ق ا ض B-548254 04/04/2019 1 350.00 Urdu Bks
    Dewey Decimal Classification   Not For Loan Fiction D.B.Act.Division D.B.Act.Division 30/01/2015 DBAD/PUB 350.00   ک ق ا ض U-7107 30/01/2015 1 350.00 Urdu Bks

© Delhi Public Library
Hit Counter
free hit counter